[Event "Wch Juvenil 2010 sub12"]
[Site "Porto Carras GRE"]
[Date "2010.10.26"]
[Round "7.8"]
[White "Gajek, Radoslaw"]
[Black "Colas, Joshua"]
[Result "0-1"]
[WhiteElo "1930"]
[BlackElo "2068"]
[PlyCount "116"]
[EventDate "2010.10.20"]
[EventType "swiss"]
[EventRounds "11"]
[EventCountry "GRE"]
[Source "lmi"]
[SourceDate "2010.10.20"]

1. e4 c5 2. Nf3 e6 3. d4 cxd4 4. Nxd4 a6 5. Bd3 Nc6 6. Be3 Qc7 7. Nc3 Bb4 8.
O-O Nf6 9. a3 Bxc3 10. bxc3 O-O 11. f4 d6 12. Nxc6 Qxc6 13. e5 dxe5 14. fxe5
Nd5 15. Bd4 Ne7 16. Rf4 Ng6 17. Be4 Qc7 18. Qh5 f5 19. exf6 Qxf4 20. fxg7 Rf5
21. Bxf5 Qxf5 22. Qe2 e5 23. Rf1 Qe6 24. Qf3 Kxg7 25. Re1 Qf5 26. Qd1 exd4 27.
Qxd4+ Qf6 28. Qb4 a5 29. Qc4 Bf5 30. Rf1 Qb6+ 31. Kh1 Rf8 32. Qe2 Bg4 33. Qe1
Rxf1+ 34. Qxf1 Qf6 35. Qe1 Be6 36. h3 Bc4 37. Kg1 Bf1 38. Qxf1 Qxf1+ 39. Kxf1
Kf6 40. Kf2 Ne5 41. Ke3 Nc4+ 42. Kd4 Nxa3 43. Kc5 Nxc2 44. Kb5 b6 45. c4 Na3+
46. Kxb6 Nxc4+ 47. Kb5 Ne3 48. Kxa5 Nxg2 49. Kb4 Kf5 50. Kc4 Kf4 51. Kd3 Kg3
52. Ke2 Kxh3 53. Kf3 h5 54. Kf2 h4 55. Kg1 Kg3 56. Kh1 h3 57. Kg1 Ne1 58. Kh1
Nd3 0-1

[Event "Wch Juvenil 2010 sub12"]
[Site "Porto Carras GRE"]
[Date "2010.10.26"]
[Round "7.10"]
[White "Barros, Cristhian"]
[Black "Donchenko, Alexander"]
[Result "1-0"]
[WhiteElo "1946"]
[BlackElo "2204"]
[PlyCount "183"]
[EventDate "2010.10.20"]
[EventType "swiss"]
[EventRounds "11"]
[EventCountry "GRE"]
[Source "lmi"]
[SourceDate "2010.10.20"]

1. e4 c5 2. Nf3 d6 3. d4 cxd4 4. Nxd4 Nf6 5. Nc3 a6 6. Be2 e5 7. Nb3 Be7 8. O-O
O-O 9. Be3 Be6 10. a4 Nbd7 11. Kh1 Qc7 12. f4 exf4 13. Bxf4 Ne5 14. Nd4 Rad8
15. Qe1 Ng6 16. Bg3 Ne5 17. Nf5 Bxf5 18. Rxf5 Nc4 19. Rxf6 Bxf6 20. Nd5 Qc5 21.
Nxf6+ gxf6 22. Bh4 Ne5 23. Qg3+ Ng6 24. Bxf6 Rde8 25. Bd3 Re6 26. Rf1 Qb6 27.
b3 Rfe8 28. Bb2 Qc6 29. Qg5 Qc5 30. Rf5 Qb4 31. h3 Qe1+ 32. Rf1 Qh4 33. Qf5 Rf8
34. Bc4 Qxe4 35. Bxe6 Qxe6 36. Qf3 b5 37. axb5 axb5 38. Rd1 Rc8 39. Qd3 h6 40.
Ba3 Ne5 41. Qd2 d5 42. Bb2 Nd7 43. Re1 Rxc2 44. Qb4 Re2 45. Rxe2 Qxe2 46. Qd4
Qe1+ 47. Kh2 Kf8 48. Qh8+ Ke7 49. Qxh6 Qe4 50. Qd2 b4 51. Bd4 Ke6 52. Qxb4 Qf4+
53. Kh1 Qf1+ 54. Bg1 Ne5 55. Qb6+ Kd7 56. Qc5 Ke6 57. b4 Nd3 58. Qe3+ Kd7 59.
Qg5 Nf4 60. b5 d4 61. Kh2 Ne2 62. Bxd4 Nxd4 63. Qd5+ Ke7 64. Qxd4 Qxb5 65. Kg3
Qg5+ 66. Kf3 Qh5+ 67. Qg4 Qb5 68. Qe4+ Kf8 69. Kf4 Qf1+ 70. Kg5 Qc1+ 71. Qf4
Qc5+ 72. Qf5 Qe3+ 73. Kh5 Qe2+ 74. g4 Kg7 75. Qg5+ Kh7 76. Qh6+ Kg8 77. Qf6 Qd3
78. h4 Qh7+ 79. Qh6 Qd3 80. Qg5+ Kh7 81. Qh6+ Kg8 82. Qf6 Qh7+ 83. Kg5 Qd3 84.
Qf5 Qd2+ 85. Kh5 Qd1 86. Qg5+ Kh7 87. Qh6+ Kg8 88. Qf6 Qe2 89. Kh6 Qd2+ 90. g5
Kf8 91. h5 Ke8 92. Kg7 1-0

[Event "Wch Juvenil 2010 sub12"]
[Site "Porto Carras GRE"]
[Date "2010.10.27"]
[Round "8.1"]
[White "Sanal, Vahap"]
[Black "Troff, Kayden W"]
[Result "0-1"]
[WhiteElo "2170"]
[BlackElo "2216"]
[PlyCount "130"]
[EventDate "2010.10.20"]
[EventType "swiss"]
[EventRounds "11"]
[EventCountry "GRE"]
[Source "lmi"]
[SourceDate "2010.10.20"]

1. e4 c5 2. Nf3 d6 3. d4 cxd4 4. Nxd4 Nf6 5. Nc3 a6 6. Bg5 e6 7. f4 Be7 8. Qf3
Qc7 9. O-O-O Nbd7 10. g4 h6 11. Bxf6 Bxf6 12. h4 Qb6 13. Nb3 Be7 14. Be2 Nc5
15. Nd4 Bf6 16. Kb1 Bd7 17. g5 hxg5 18. hxg5 Rxh1 19. Qxh1 Bxd4 20. Rxd4 O-O-O
21. a3 g6 22. Qh7 Be8 23. Qg7 Kb8 24. Qf6 Qc7 25. Rc4 b5 26. Rd4 Rc8 27. Rd2
Bc6 28. Qd4 Nb7 29. Na2 Nc5 30. Bf3 Bb7 31. Nc3 e5 32. Qe3 Ne6 33. fxe5 dxe5
34. Nd5 Bxd5 35. exd5 Nd4 36. c3 Nf5 37. Qe4 Qd6 38. Re2 Re8 39. Rg2 Rh8 40.
Re2 Re8 41. Rg2 Qc5 42. Qd3 Qc4 43. Qxc4 bxc4 44. Be4 Nd6 45. Re2 Kc7 46. Kc2
Kb6 47. b3 cxb3+ 48. Kxb3 Kc5 49. Kc2 Kc4 50. Re1 a5 51. Bg2 e4 52. Rd1 Nf5 53.
Bf1+ Kc5 54. Rb1 Nd6 55. c4 Re5 56. Rb8 Rxg5 57. Ra8 Rg1 58. Be2 Rg2 59. Kd1
Kd4 60. Rxa5 Ke3 61. c5 Nf5 62. Bc4 Nd4 63. Ke1 Rd2 64. Be2 Rxe2+ 65. Kf1 Nf3
0-1

[Event "Wch Juvenil 2010 sub12"]
[Site "Porto Carras GRE"]
[Date "2010.10.27"]
[Round "8.4"]
[White "Karthikeyan, Murali"]
[Black "Vetoshko, Volodymyr"]
[Result "1/2-1/2"]
[WhiteElo "2059"]
[BlackElo "2211"]
[PlyCount "93"]
[EventDate "2010.10.20"]
[EventType "swiss"]
[EventRounds "11"]
[EventCountry "GRE"]
[Source "lmi"]
[SourceDate "2010.10.20"]

1. e4 c5 2. Nf3 d6 3. d4 cxd4 4. Nxd4 Nf6 5. Nc3 g6 6. Be3 Bg7 7. f3 O-O 8. Qd2
Nc6 9. O-O-O d5 10. exd5 Nxd5 11. Nxc6 bxc6 12. Nxd5 cxd5 13. Qxd5 Qc7 14. Qc5
Qb7 15. Qa3 Bf5 16. Bd3 Rab8 17. b3 Rfc8 18. Bxf5 gxf5 19. Bd4 Qc6 20. c4 Qh6+
21. Kb1 e5 22. Bb2 Qg6 23. Qd6 a5 24. Qxg6 hxg6 25. Kc2 a4 26. Rhe1 Re8 27. Rd7
Re6 28. Red1 axb3+ 29. axb3 e4 30. Rd8+ Rxd8 31. Rxd8+ Kh7 32. Bxg7 Kxg7 33.
fxe4 fxe4 34. Rd2 f5 35. b4 g5 36. c5 f4 37. h3 e3 38. Re2 Kf6 39. Kd3 Ke5 40.
Kc4 Ra6 41. b5 Ra4+ 42. Kb3 Re4 43. c6 Kd6 44. Re1 Re5 45. Kb4 Kc7 46. Rc1 e2
47. Re1 1/2-1/2

[Event "Wch Juvenil 2010 sub12"]
[Site "Porto Carras GRE"]
[Date "2010.10.27"]
[Round "8.5"]
[White "Williams, Justus D"]
[Black "Tari, Aryan"]
[Result "1/2-1/2"]
[WhiteElo "2155"]
[BlackElo "2053"]
[PlyCount "69"]
[EventDate "2010.10.20"]
[EventType "swiss"]
[EventRounds "11"]
[EventCountry "GRE"]
[Source "lmi"]
[SourceDate "2010.10.20"]

1. c4 c5 2. Nf3 Nf6 3. Nc3 Nc6 4. g3 g6 5. Bg2 Bg7 6. O-O O-O 7. d4 cxd4 8.
Nxd4 Ng4 9. e3 d6 10. Nxc6 bxc6 11. Bxc6 Rb8 12. Bf3 Ne5 13. Be2 Ba6 14. Qa4
Qc8 15. e4 Bxc4 16. Qxa7 Qh3 17. f3 Nc6 18. Qf2 Bd4 19. Be3 Rxb2 20. Bxd4 Bxe2
21. Nd5 Rb7 22. Rfb1 Qd7 23. Bc3 Bc4 24. Ne3 Rxb1+ 25. Rxb1 Qe6 26. Rb6 Rc8 27.
a4 Ne5 28. f4 Ng4 29. Qf3 Nxe3 30. Qxe3 Qg4 31. Qd4 e5 32. fxe5 dxe5 33. Qd2
Qxe4 34. Rd6 Qb1+ 35. Qe1 1/2-1/2

[Event "Wch Juvenil 2010 sub12"]
[Site "Porto Carras GRE"]
[Date "2010.10.27"]
[Round "8.6"]
[White "Tatekhin, Vyacheslav"]
[Black "Petrosyan, Manuel"]
[Result "0-1"]
[WhiteElo "2113"]
[BlackElo "1990"]
[PlyCount "50"]
[EventDate "2010.10.20"]
[EventType "swiss"]
[EventRounds "11"]
[EventCountry "GRE"]
[Source "lmi"]
[SourceDate "2010.10.20"]

1. e4 c5 2. Nf3 e6 3. d4 cxd4 4. Nxd4 Nf6 5. Nc3 d6 6. Be3 a6 7. f3 Nc6 8. Bc4
Be7 9. Qd2 Bd7 10. Bb3 Rc8 11. O-O-O Ne5 12. g4 O-O 13. h4 b5 14. a3 a5 15.
Ndxb5 a4 16. Ba2 Nxf3 17. Qe2 Qa5 18. g5 Ng4 19. Bf4 Nge5 20. Nxd6 Rxc3 21.
bxc3 Qxc3 22. Bxe5 Nxe5 23. Nb5 Bxa3+ 24. Nxa3 Qxa3+ 25. Kd2 Nf3+ 0-1

[Event "Wch Juvenil 2010 sub12"]
[Site "Porto Carras GRE"]
[Date "2010.10.27"]
[Round "8.7"]
[White "Ghosh, Diptayan"]
[Black "Barros, Cristhian"]
[Result "1-0"]
[WhiteElo "2193"]
[BlackElo "1946"]
[PlyCount "85"]
[EventDate "2010.10.20"]
[EventType "swiss"]
[EventRounds "11"]
[EventCountry "GRE"]
[Source "lmi"]
[SourceDate "2010.10.20"]

1. d4 Nf6 2. Nc3 g6 3. e4 d6 4. Be3 Bg7 5. f3 O-O 6. Qd2 e5 7. d5 Ne8 8. g4 f5
9. gxf5 gxf5 10. Bg5 Bf6 11. h4 f4 12. Bh3 Nd7 13. Be6+ Kh8 14. Nh3 Ng7 15.
O-O-O Nb6 16. Bxc8 Rxc8 17. Bh6 Rg8 18. Ng5 Qe7 19. Qg2 Nh5 20. Qg4 Ng3 21. Qe6
Rg6 22. Nf7+ Kg8 23. h5 Qxf7 24. hxg6 hxg6 25. Rh3 Re8 26. Qg4 Nc4 27. Rxg3
fxg3 28. b3 Nb6 29. Rg1 Qh7 30. Be3 Kf7 31. Rxg3 Qh5 32. Nb5 Qxg4 33. Rxg4 Rh8
34. Rg1 Rh3 35. Rf1 g5 36. Nxc7 Nc8 37. Ne6 Kg6 38. Kd2 Rh2+ 39. Rf2 Rh1 40.
Rg2 b5 41. Bxg5 Ra1 42. Bxf6+ Kxf6 43. Rg8 1-0

[Event "Wch Juvenil 2010 sub12"]
[Site "Porto Carras GRE"]
[Date "2010.10.27"]
[Round "8.10"]
[White "Beker, Ziv"]
[Black "Popov, Andrey"]
[Result "1-0"]
[WhiteElo "1936"]
[BlackElo "2024"]
[PlyCount "153"]
[EventDate "2010.10.20"]
[EventType "swiss"]
[EventRounds "11"]
[EventCountry "GRE"]
[Source "lmi"]
[SourceDate "2010.10.20"]

1. e4 e5 2. Nf3 Nc6 3. Bb5 a6 4. Ba4 Nf6 5. O-O Be7 6. Qe2 b5 7. Bb3 d6 8. c3
O-O 9. Rd1 Na5 10. Bc2 c5 11. d4 Qc7 12. d5 c4 13. b4 cxb3 14. axb3 Nb7 15. Bd2
Bd7 16. Na3 Bg4 17. h3 Bh5 18. b4 Nd7 19. Bd3 Nb6 20. Rdc1 Bxf3 21. gxf3 Qd7
22. Kh2 f5 23. Be3 Bd8 24. exf5 Kh8 25. c4 bxc4 26. Nxc4 Nxd5 27. Be4 Qb5 28.
Qd2 Nxe3 29. fxe3 Rb8 30. Qd5 Bf6 31. Qxb5 axb5 32. Nb6 Rf7 33. Ra8 Rxa8 34.
Nxa8 h5 35. Rc7 Nd8 36. Rxf7 Nxf7 37. Bd5 Ng5 38. Nc7 e4 39. Nxb5 Nxf3+ 40. Kh1
Bg5 41. Bxe4 Nd2 42. Bd5 Bxe3 43. Nxd6 Nb1 44. Nc4 Bd4 45. Bf7 h4 46. Kg2 Bf6
47. b5 Nc3 48. b6 Bg5 49. Kf3 Bd8 50. b7 Bc7 51. Nb6 Nb5 52. Nd7 Nd4+ 53. Kg4
Nc6 54. Kxh4 Kh7 55. Kh5 Bd6 56. Kg5 Bh2 57. Kg4 Bc7 58. Kf3 Kh6 59. h4 Kh7 60.
Bd5 Ne5+ 61. Nxe5 Bxe5 62. Bf7 Kh6 63. Ke4 Bg3 64. Kd5 Bf4 65. Kc6 Kh7 66. Kd7
Kh6 67. Kc8 Kh7 68. b8=Q Bxb8 69. Kxb8 Kh6 70. Kc7 Kh7 71. Kd6 Kh6 72. Ke5 Kh7
73. Kf4 Kh8 74. Bg6 Kg8 75. Kg5 Kf8 76. h5 Kg8 77. h6 1-0

[Event "Wch Juvenil 2010 sub12"]
[Site "Porto Carras GRE"]
[Date "2010.10.28"]
[Round "9.3"]
[White "Vetoshko, Volodymyr"]
[Black "Williams, Justus D"]
[Result "1-0"]
[WhiteElo "2211"]
[BlackElo "2155"]
[PlyCount "77"]
[EventDate "2010.10.20"]
[EventType "swiss"]
[EventRounds "11"]
[EventCountry "GRE"]
[Source "lmi"]
[SourceDate "2010.10.20"]

1. e4 c5 2. Nf3 e6 3. d4 cxd4 4. Nxd4 a6 5. c4 Nf6 6. Nc3 Qc7 7. a3 Nc6 8. Be3
Ne5 9. Be2 h5 10. h3 d6 11. Rc1 b6 12. f4 Ned7 13. b4 Bb7 14. Bd3 Rd8 15. f5 e5
16. Nd5 Qb8 17. Nf3 b5 18. Ng5 Be7 19. Nxe7 Kxe7 20. cxb5 axb5 21. Qb3 Rhf8 22.
Ne6 Nxe4 23. Nxd8 Rxd8 24. Bxb5 Ndf6 25. O-O Kf8 26. Rfd1 d5 27. Bb6 Rc8 28. a4
d4 29. Bc5+ Kg8 30. Bc4 Qc7 31. a5 Nc3 32. a6 Ba8 33. Re1 Nfe4 34. Rc2 Rb8 35.
a7 Rd8 36. Ra1 Qb7 37. Rb2 d3 38. Ba6 Qc6 39. Be3 1-0

[Event "Wch Juvenil 2010 sub12"]
[Site "Porto Carras GRE"]
[Date "2010.10.28"]
[Round "9.4"]
[White "Karthikeyan, Murali"]
[Black "Ghosh, Diptayan"]
[Result "1/2-1/2"]
[WhiteElo "2059"]
[BlackElo "2193"]
[PlyCount "95"]
[EventDate "2010.10.20"]
[EventType "swiss"]
[EventRounds "11"]
[EventCountry "GRE"]
[Source "lmi"]
[SourceDate "2010.10.20"]

1. e4 e5 2. Nf3 Nc6 3. Bc4 Nf6 4. d3 Be7 5. O-O d6 6. a4 O-O 7. Nbd2 Kh8 8. c3
Ng8 9. d4 Bg4 10. d5 Nb8 11. h3 Bc8 12. Re1 g6 13. Nf1 Nd7 14. Ng3 Bf6 15. Be3
Bg7 16. Bd3 Ne7 17. Bc2 f5 18. exf5 Nxf5 19. Nxf5 gxf5 20. Bg5 Bf6 21. Bh6 Bg7
22. Bxg7+ Kxg7 23. Qd2 h6 24. c4 Qf6 25. Nh2 Kh8 26. Ra3 f4 27. Nf3 Rg8 28. Kh2
Qg7 29. Rg1 Nf6 30. Qe2 Qe7 31. Nd2 Bd7 32. Ne4 Rg7 33. Nxf6 Qxf6 34. a5 Rag8
35. Be4 Qh4 36. Rf1 Bg4 37. Qd3 f3 38. Bxf3 Bxf3 39. Qxf3 Rxg2+ 40. Qxg2 Rxg2+
41. Kxg2 Qxc4 42. Rd1 Qc2 43. Rdd3 Qxb2 44. Rf3 Qd4 45. Rac3 Qxd5 46. Rxc7 Kg8
47. a6 bxa6 48. Rxa7 1/2-1/2

[Event "Wch Juvenil 2010 sub12"]
[Site "Porto Carras GRE"]
[Date "2010.10.28"]
[Round "9.6"]
[White "Tari, Aryan"]
[Black "Sanal, Vahap"]
[Result "1/2-1/2"]
[WhiteElo "2053"]
[BlackElo "2170"]
[PlyCount "76"]
[EventDate "2010.10.20"]
[EventType "swiss"]
[EventRounds "11"]
[EventCountry "GRE"]
[Source "lmi"]
[SourceDate "2010.10.20"]

1. e4 e5 2. Nf3 Nc6 3. d4 exd4 4. Nxd4 Bc5 5. Be3 Qf6 6. Nb5 Bxe3 7. fxe3 Qh4+
8. g3 Qd8 9. Qg4 Kf8 10. Qf4 d6 11. N1c3 a6 12. Nd4 Nxd4 13. exd4 Be6 14. O-O-O
Qf6 15. Bg2 Qxf4+ 16. gxf4 f6 17. Rhf1 Rb8 18. d5 Bg4 19. Rd2 Ke7 20. h3 Bh5
21. Ne2 Nh6 22. Nd4 Rhg8 23. h4 Bg4 24. Bf3 Bd7 25. Rg1 c5 26. dxc6 bxc6 27. e5
fxe5 28. fxe5 dxe5 29. Nxc6+ Bxc6 30. Bxc6 Nf5 31. Re1 Kf6 32. Rf1 g6 33. Be4
Rgf8 34. Rd6+ Ke7 35. Rxa6 Nxh4 36. Ra7+ Ke6 37. Ra6+ Ke7 38. Ra7+ Ke6 1/2-1/2

[Event "Wch Juvenil 2010 sub12"]
[Site "Porto Carras GRE"]
[Date "2010.10.28"]
[Round "9.7"]
[White "Steinberg, Nitzan"]
[Black "Beerdsen, Thomas"]
[Result "1-0"]
[WhiteElo "2263"]
[BlackElo "1991"]
[PlyCount "71"]
[EventDate "2010.10.20"]
[EventType "swiss"]
[EventRounds "11"]
[EventCountry "GRE"]
[Source "lmi"]
[SourceDate "2010.10.20"]

1. e4 c5 2. Nf3 d6 3. d4 cxd4 4. Nxd4 Nf6 5. Nc3 a6 6. Be3 Ng4 7. Bg5 h6 8. Bh4
g5 9. Bg3 Bg7 10. Be2 h5 11. Bxg4 hxg4 12. Qd2 Nc6 13. Nxc6 bxc6 14. O-O Qa5
15. Rfe1 Be6 16. e5 d5 17. a3 Rh5 18. b4 Qc7 19. Na4 a5 20. Nc5 Kf8 21. Nxe6+
fxe6 22. Qd4 Kf7 23. Qxg4 Rah8 24. Re3 R8h6 25. Rb1 axb4 26. axb4 Kg8 27. Qd4
Qb7 28. Ra1 Rh4 29. Bxh4 Rxh4 30. g4 Qb8 31. h3 Qf8 32. Kg2 Qf4 33. Qd3 Bxe5
34. Qg6+ Kh8 35. Ra8+ Bb8 36. Qe8+ 1-0

[Event "Wch Juvenil 2010 sub12"]
[Site "Porto Carras GRE"]
[Date "2010.10.28"]
[Round "9.8"]
[White "Sidhant, Mohapatra"]
[Black "Abramciuc, Marius"]
[Result "1-0"]
[WhiteElo "2125"]
[BlackElo "2006"]
[PlyCount "31"]
[EventDate "2010.10.20"]
[EventType "swiss"]
[EventRounds "11"]
[EventCountry "GRE"]
[Source "lmi"]
[SourceDate "2010.10.20"]

1. d4 c5 2. e4 cxd4 3. Nf3 d5 4. Qxd4 Nf6 5. Nc3 dxe4 6. Qxd8+ Kxd8 7. Ne5 Ke8
8. Bg5 Nfd7 9. Nc4 f6 10. Be3 f5 11. Nb5 Na6 12. Bxa7 e6 13. O-O-O Bc5 14. Bxc5
Naxc5 15. Nc7+ Ke7 16. Nxa8 1-0

[Event "Wch Juvenil 2010 sub12"]
[Site "Porto Carras GRE"]
[Date "2010.10.28"]
[Round "9.10"]
[White "Schroeder, Jan-Christian"]
[Black "Todorov, Yavor"]
[Result "1-0"]
[WhiteElo "2108"]
[BlackElo "1976"]
[PlyCount "117"]
[EventDate "2010.10.20"]
[EventType "swiss"]
[EventRounds "11"]
[EventCountry "GRE"]
[Source "lmi"]
[SourceDate "2010.10.20"]

1. e4 c5 2. Nf3 e6 3. d4 cxd4 4. Nxd4 a6 5. Bd3 Nf6 6. Nc3 Qc7 7. O-O d6 8. Qe2
Be7 9. Bd2 O-O 10. Rae1 Nbd7 11. Kh1 Re8 12. f4 e5 13. Nf5 Bf8 14. fxe5 dxe5
15. Bg5 Qc6 16. Nd5 Nxd5 17. exd5 Qc5 18. Qf3 f6 19. Be3 Qc7 20. d6 e4 21. Qxe4
Rxe4 22. dxc7 Re5 23. Bd4 Rxe1 24. Rxe1 Ne5 25. Bxe5 fxe5 26. Rxe5 Bxf5 27.
Rxf5 Bd6 28. Bc4+ Kh8 29. Rf7 Rc8 30. Bd5 Rxc7 31. Rxc7 Bxc7 32. Bxb7 Be5 33.
b3 a5 34. g3 Kg8 35. Kg2 Kf7 36. Kf3 Ke6 37. Ke4 Kd6 38. Kd3 Bb2 39. c3 Kc5 40.
Kc2 Ba3 41. Bf3 Kb5 42. h4 Be7 43. h5 Kb6 44. Be4 h6 45. g4 Ba3 46. Bg6 Kc5 47.
b4+ Kb6 48. Kb3 Bc1 49. a3 Bd2 50. Be4 Be1 51. c4 Bf2 52. c5+ Kc7 53. Kc4 axb4
54. axb4 Bh4 55. b5 Be7 56. b6+ Kb8 57. Kb5 Bd8 58. c6 Be7 59. c7+ 1-0

[Event "Wch Juvenil 2010 sub12"]
[Site "Porto Carras GRE"]
[Date "2010.10.29"]
[Round "10.2"]
[White "Vetoshko, Volodymyr"]
[Black "Troff, Kayden W"]
[Result "0-1"]
[WhiteElo "2211"]
[BlackElo "2216"]
[PlyCount "80"]
[EventDate "2010.10.20"]
[EventType "swiss"]
[EventRounds "11"]
[EventCountry "GRE"]
[Source "lmi"]
[SourceDate "2010.10.20"]

1. e4 c5 2. b4 cxb4 3. a3 d5 4. exd5 Qxd5 5. Nf3 e6 6. Bb2 Nf6 7. c4 bxc3 8.
Nxc3 Qd8 9. Ne5 Be7 10. Bb5+ Nbd7 11. O-O O-O 12. d4 Nb6 13. Re1 Nbd5 14. Bd3
Bd7 15. Ne4 Nxe4 16. Bxe4 Bc6 17. Qc2 g6 18. Nxc6 bxc6 19. Qxc6 Rb8 20. Qc2 Bf6
21. Rab1 Qa5 22. g3 Rfc8 23. Qe2 Rb3 24. h4 Rcb8 25. Rec1 Qb6 26. Ba1 Rxb1 27.
Rxb1 Qxb1+ 28. Bxb1 Rxb1+ 29. Kg2 Rxa1 30. Qb2 Rd1 31. Qb8+ Kg7 32. Qxa7 Bxd4
33. Qa5 Bb6 34. Qb5 Rd2 35. a4 Rxf2+ 36. Kh3 h5 37. a5 Bc7 38. a6 Nf6 39. Qc5
Ng4 40. Qd4+ e5 0-1

[Event "Wch Juvenil 2010 sub12"]
[Site "Porto Carras GRE"]
[Date "2010.10.29"]
[Round "10.4"]
[White "Steinberg, Nitzan"]
[Black "Karthikeyan, Murali"]
[Result "1/2-1/2"]
[WhiteElo "2263"]
[BlackElo "2059"]
[PlyCount "91"]
[EventDate "2010.10.20"]
[EventType "swiss"]
[EventRounds "11"]
[EventCountry "GRE"]
[Source "lmi"]
[SourceDate "2010.10.20"]

1. e4 c5 2. Nf3 e6 3. d4 cxd4 4. Nxd4 Nf6 5. Nc3 Nc6 6. a3 a6 7. Be3 Qc7 8. Be2
Be7 9. O-O O-O 10. f4 d6 11. Qe1 Bd7 12. Qg3 Rfd8 13. Bd3 Nxd4 14. Bxd4 Bc6 15.
Rae1 Ne8 16. Qh3 h6 17. g4 e5 18. Be3 exf4 19. Rxf4 Bg5 20. Rf5 Bxe3+ 21. Qxe3
Qe7 22. Ref1 f6 23. Bc4+ d5 24. Nxd5 Bxd5 25. Bxd5+ Kh7 26. Rh5 Nc7 27. c4 Nxd5
28. cxd5 Re8 29. Re1 Qd7 30. Qf4 Kg8 31. Rh3 Rac8 32. Rc3 Rxc3 33. bxc3 Qa4 34.
Qc7 Rxe4 35. Qc8+ Kf7 36. Qxb7+ Kg8 37. Qc8+ Kf7 38. Qb7+ Kg8 39. Rxe4 Qxe4 40.
Qc8+ Kf7 41. Qd7+ Kg6 42. d6 Qe1+ 43. Kg2 Qd2+ 44. Kf1 Qd1+ 45. Kf2 Qd2+ 46.
Kf1 1/2-1/2

[Event "Wch Juvenil 2010 sub12"]
[Site "Porto Carras GRE"]
[Date "2010.10.29"]
[Round "10.5"]
[White "Ghosh, Diptayan"]
[Black "Chandran, Kapil"]
[Result "1-0"]
[WhiteElo "2193"]
[BlackElo "2058"]
[PlyCount "125"]
[EventDate "2010.10.20"]
[EventType "swiss"]
[EventRounds "11"]
[EventCountry "GRE"]
[Source "lmi"]
[SourceDate "2010.10.20"]

1. e4 c5 2. c3 d5 3. exd5 Qxd5 4. d4 Nf6 5. Nf3 Bg4 6. Nbd2 Nc6 7. Bc4 Bxf3 8.
Qb3 Na5 9. Qb5+ Qd7 10. Nxf3 Nxc4 11. Qxc4 cxd4 12. Nxd4 e6 13. Bg5 Be7 14. O-O
O-O 15. Qe2 Nd5 16. Bxe7 Qxe7 17. Rad1 Rad8 18. g3 Rfe8 19. Rfe1 h6 20. Rd3 Rd7
21. Red1 Red8 22. Nf3 Nb6 23. Ne5 Rxd3 24. Rxd3 Qc7 25. Rxd8+ Qxd8 26. Qf3 Qc7
27. Qe4 Nd7 28. Nd3 b6 29. Qd4 Nc5 30. Nxc5 bxc5 31. Qc4 Qd6 32. b4 cxb4 33.
cxb4 Kf8 34. Qb5 Ke7 35. Kg2 Qc7 36. a4 f5 37. a5 e5 38. Qd5 Qd6 39. Qc4 a6 40.
b5 axb5 41. Qxb5 Kd8 42. a6 Qc7 43. Qd5+ Ke7 44. Qa8 e4 45. Qd5 g6 46. Qa2 Qa7
47. Kg1 Kd8 48. Qg8+ Kc7 49. Qxg6 Qb6 50. Qf7+ Kb8 51. Qxf5 Qxa6 52. Qxe4 Kc7
53. Qd5 Qf6 54. Kg2 Kc8 55. h4 Kc7 56. Qf3 Qg6 57. g4 Kd7 58. Qf5+ Qxf5 59.
gxf5 Ke7 60. Kf3 Kf6 61. Kf4 h5 62. f3 Kg7 63. Kg5 1-0

[Event "Wch Juvenil 2010 sub12"]
[Site "Porto Carras GRE"]
[Date "2010.10.29"]
[Round "10.6"]
[White "Sanal, Vahap"]
[Black "Xu, Yi"]
[Result "1-0"]
[WhiteElo "2170"]
[BlackElo "2039"]
[PlyCount "63"]
[EventDate "2010.10.20"]
[EventType "swiss"]
[EventRounds "11"]
[EventCountry "GRE"]
[Source "lmi"]
[SourceDate "2010.10.20"]

1. e4 c5 2. c3 d6 3. d4 Nf6 4. dxc5 Nc6 5. Qc2 dxc5 6. Nf3 Bg4 7. Be2 e6 8. O-O
Qc7 9. a4 Bd6 10. h3 h5 11. Na3 a6 12. Nc4 Bxf3 13. Nxd6+ Qxd6 14. Bxf3 O-O-O
15. Be2 Qe5 16. Bd3 Qd6 17. Bc4 Ne5 18. Be2 Nd3 19. Rd1 c4 20. Be3 Nxe4 21. b3
Qc7 22. bxc4 Ndc5 23. Rd4 f5 24. Rad1 g6 25. f3 Ng3 26. Bf4 Nxe2+ 27. Qxe2 Qb6
28. a5 Qa7 29. Qe5 b5 30. Rxd8+ Rxd8 31. Rxd8+ Kxd8 32. Qh8+ 1-0

[Event "Wch Juvenil 2010 sub12"]
[Site "Porto Carras GRE"]
[Date "2010.10.29"]
[Round "10.8"]
[White "Wang, Yi Ye"]
[Black "Schroeder, Jan-Christian"]
[Result "1-0"]
[WhiteElo "2011"]
[BlackElo "2108"]
[PlyCount "97"]
[EventDate "2010.10.20"]
[EventType "swiss"]
[EventRounds "11"]
[EventCountry "GRE"]
[Source "lmi"]
[SourceDate "2010.10.20"]

1. e4 e5 2. Nf3 Nc6 3. Bb5 a6 4. Ba4 Nf6 5. O-O Be7 6. Qe2 b5 7. Bb3 d6 8. c3
O-O 9. Rd1 Na5 10. Bc2 c5 11. d4 Qc7 12. d5 Nc4 13. h3 Bd7 14. Nbd2 Nxd2 15.
Bxd2 g6 16. Bg5 Rfc8 17. Qe3 Qd8 18. Bh6 Bf8 19. Bg5 Be7 20. Bh6 Ne8 21. Rf1
Ng7 22. g4 f6 23. Kh2 Qe8 24. Rg1 Qf7 25. Rg2 Rf8 26. Nh4 Kh8 27. Qg3 Rg8 28.
f4 Raf8 29. Rf1 Qe8 30. f5 g5 31. Nf3 Rf7 32. h4 Qd8 33. Qf2 Ne8 34. Qd2 Bc8
35. Rh1 Nc7 36. Kg1 Ne8 37. Kf1 Bd7 38. hxg5 fxg5 39. Rh5 Ng7 40. Nxg5 Bxg5 41.
Rxg5 Qa5 42. Bb1 b4 43. c4 Qd8 44. Rh2 Qf6 45. Ke1 a5 46. Rg6 Qe7 47. Bg5 Qf8
48. Rxh7+ Kxh7 49. Rh6# 1-0

[Event "Wch Juvenil 2010 sub12"]
[Site "Porto Carras GRE"]
[Date "2010.10.29"]
[Round "10.9"]
[White "Stremavicius, Titas"]
[Black "Donchenko, Alexander"]
[Result "0-1"]
[WhiteElo "1943"]
[BlackElo "2204"]
[PlyCount "94"]
[EventDate "2010.10.20"]
[EventType "swiss"]
[EventRounds "11"]
[EventCountry "GRE"]
[Source "lmi"]
[SourceDate "2010.10.20"]

1. d4 d5 2. Nf3 Nf6 3. c4 dxc4 4. Nc3 e6 5. Bg5 Bb4 6. e3 c5 7. Bxc4 cxd4 8.
Qxd4 Qxd4 9. exd4 Ne4 10. Bd2 Nxd2 11. Nxd2 O-O 12. a3 Bxc3 13. bxc3 Nd7 14.
Ne4 b6 15. Nd6 Nf6 16. Kd2 Rd8 17. Nxc8 Raxc8 18. Bd3 e5 19. Rac1 Kf8 20. Ba6
Rc7 21. Ke3 Re7 22. Kf3 exd4 23. Rhd1 Rd5 24. Rxd4 Ra5 25. Bd3 Rxa3 26. g4 h6
27. h4 Rd7 28. Rxd7 Nxd7 29. Ke3 Ke7 30. Kd4 Kd6 31. Re1 Ra4+ 32. c4 Ra2 33. f3
Rh2 34. h5 Rd2 35. Ke3 Ra2 36. Kd4 Nc5 37. Bf5 Ra3 38. Re8 Rxf3 39. Ra8 a5 40.
Rb8 Nb3+ 41. Ke4 Nd2+ 42. Kd4 Rb3 43. Rb7 a4 44. Bc2 Nf3+ 45. Ke4 Ng5+ 46. Kd4
Ne6+ 47. Ke4 Nc5+ 0-1

[Event "Wch Juvenil 2010 sub12"]
[Site "Porto Carras GRE"]
[Date "2010.10.29"]
[Round "10.10"]
[White "Williams, Justus D"]
[Black "Melnikov, Egor"]
[Result "1-0"]
[WhiteElo "2155"]
[BlackElo "1978"]
[PlyCount "105"]
[EventDate "2010.10.20"]
[EventType "swiss"]
[EventRounds "11"]
[EventCountry "GRE"]
[Source "lmi"]
[SourceDate "2010.10.20"]

1. c4 c5 2. Nf3 Nc6 3. Nc3 Nf6 4. g3 d5 5. d4 cxd4 6. Nxd4 dxc4 7. Nxc6 Qxd1+
8. Nxd1 bxc6 9. Bg2 Nd5 10. Ne3 Ba6 11. Nxd5 cxd5 12. Bxd5 Rc8 13. Bd2 e6 14.
Bf3 Be7 15. Bc3 Bf6 16. O-O-O Bxc3 17. bxc3 Ke7 18. a4 Rhd8 19. Kc2 Rxd1 20.
Rxd1 Rc7 21. Rb1 Kd6 22. Rd1+ Kc5 23. Rd8 Bc8 24. Kb2 Bb7 25. Bxb7 Rxb7+ 26.
Ka2 Rc7 27. Ka3 f6 28. h4 Rb7 29. Ka2 Rc7 30. h5 h6 31. f3 f5 32. Kb2 Rb7+ 33.
Kc2 Rc7 34. Kd2 Rb7 35. e4 fxe4 36. fxe4 Rb2+ 37. Ke3 Rh2 38. Rc8+ Kb6 39. g4
Rh3+ 40. Kd4 Rg3 41. Rxc4 Rxg4 42. Ke5 Rg5+ 43. Kxe6 Rxh5 44. e5 Rh3 45. Kf7 g5
46. Re4 Rxc3 47. e6 h5 48. e7 Rc8 49. Re5 g4 50. Rxh5 g3 51. Rg5 g2 52. Rxg2
Ka5 53. Rg4 1-0